[Event "H. C. Andersen Mindgames"]
[Site "?"]
[Date "2012.05.18"]
[Round "4.2"]
[White "Ochsner, 2285, Bjorn Moller"]
[Black "Georgiev, 2555, GM Vladimir"]
[Result "0-1"]
[LiveChessVersion "1.3.1"]
[BlackElo "2555"]
[WhiteElo "2285"]

1. e4 {[%clk 1:30:57]} e5 {[%clk 1:27:36]} 2. Nf3 {[%clk 1:31:12]} Nc6
{[%clk 1:27:59]} 3. Bb5 {[%clk 1:31:35]} a6 {[%clk 1:28:26]} 4. Ba4
{[%clk 1:31:57]} Nf6 {[%clk 1:28:50]} 5. O-O {[%clk 1:32:15]} b5 {[%clk 1:29:13]}
6. Bb3 {[%clk 1:32:39]} Bb7 {[%clk 1:29:37]} 7. d3 {[%clk 1:31:24]} Be7
{[%clk 1:29:12]} 8. Nc3 {[%clk 1:26:51]} O-O {[%clk 1:29:09]} 9. h3
{[%clk 1:23:40]} d6 {[%clk 1:26:29]} 10. a3 {[%clk 1:22:26]} Na5 {[%clk 1:26:22]}
11. Ba2 {[%clk 1:21:37]} c5 {[%clk 1:26:40]} 12. b4 {[%clk 1:02:41]} Nc6
{[%clk 1:20:55]} 13. Nd5 {[%clk 1:02:00]} Rc8 {[%clk 1:14:23]} 14. Bb2
{[%clk 0:50:23]} c4 {[%clk 1:02:06]} 15. Qe2 {[%clk 0:42:57]} Nxd5
{[%clk 0:58:35]} 16. exd5 {[%clk 0:42:19]} cxd3 {[%clk 0:57:41]} 17. cxd3
{[%clk 0:41:17]} Nb8 {[%clk 0:57:44]} 18. d4 {[%clk 0:40:12]} e4 {[%clk 0:55:26]}
19. Qxe4 {[%clk 0:34:56]} Nd7 {[%clk 0:55:21]} 20. Ne1 {[%clk 0:20:42]} Re8
{[%clk 0:50:45]} 21. Nd3 {[%clk 0:19:56]} Nb6 {[%clk 0:47:16]} 22. Rfe1
{[%clk 0:11:09]} Bg5 {[%clk 0:38:54]} 23. Qf5 {[%clk 0:07:29]} Qf6
{[%clk 0:37:37]} 24. Qxf6 {[%clk 0:05:44]} Bxf6 {[%clk 0:37:32]} 25. Rxe8+
{[%clk 0:03:12]} Rxe8 {[%clk 0:37:53]} 26. Rc1 {[%clk 0:02:56]} Nxd5
{[%clk 0:34:13]} 27. Kf1 {[%clk 0:02:36]} g5 {[%clk 0:33:14]} 28. Bb3
{[%clk 0:01:40]} Nb6 {[%clk 0:29:10]} 29. Rc7 {[%clk 0:00:53]} Re7
{[%clk 0:29:34]} 30. Rxe7 {[%clk 0:00:47]} Bxe7 {[%clk 0:30:03]} 31. Ne1
{[%clk 0:00:42]} Kf8 {[%clk 0:27:01]} 32. Nc2 {[%clk 0:00:41]} f5
{[%clk 0:27:08]} 33. Ne1 {[%clk 0:00:35]} Bf6 {[%clk 0:23:46]} 34. Bc2
{[%clk 0:00:37]} Bc8 {[%clk 0:23:26]} 35. Bb3 {[%clk 0:00:52]} Bb7
{[%clk 0:23:19]} 36. Bc2 {[%clk 0:01:10]} Nc4 {[%clk 0:23:44]} 37. Bc1
{[%clk 0:00:46]} Be4 {[%clk 0:23:15]} 38. f3 {[%clk 0:00:36]} Bxc2
{[%clk 0:23:23]} 39. Nxc2 {[%clk 0:01:05]} f4 {[%clk 0:23:17]} 40. h4
{[%clk 0:01:03]} h6 {[%clk 0:23:36]} 41. Ke2 {[%clk 0:01:16]} Kf7
{[%clk 0:23:56]} 42. hxg5 {[%clk 0:00:44]} hxg5 {[%clk 0:24:24]} 43. Kd3
{[%clk 0:00:57]} Ke6 {[%clk 0:24:21]} 44. Ke4 {[%clk 0:00:47]} Nb6
{[%clk 0:21:39]} 45. Na1 {[%clk 0:00:42]} Nd5 {[%clk 0:21:54]} 46. Bd2
{[%clk 0:00:45]} Bd8 {[%clk 0:22:09]} 47. Nb3 {[%clk 0:00:40]} Nf6+
{[%clk 0:21:55]} 48. Kd3 {[%clk 0:01:07]} Bb6 {[%clk 0:22:08]} 49. Nc1
{[%clk 0:01:20]} Bc7 {[%clk 0:19:37]} 50. Ne2 {[%clk 0:01:11]} d5
{[%clk 0:20:02]} 51. Bc1 {[%clk 0:00:39]} Ne8 {[%clk 0:20:16]} 52. Bd2
{[%clk 0:00:32]} Ng7 {[%clk 0:20:20]} 53. g4 {[%clk 0:00:32]} fxg3
{[%clk 0:20:13]} 54. Bxg5 {[%clk 0:00:44]} Kf5 {[%clk 0:20:01]} 55. Be3
{[%clk 0:00:45]} Ne6 {[%clk 0:19:54]} 56. Nc3 {[%clk 0:00:33]} g2
{[%clk 0:19:14]} 57. Ke2 {[%clk 0:00:31]} Bh2 {[%clk 0:19:00]} 58. Nxd5
{[%clk 0:00:37]} g1=Q {[%clk 0:17:04]} 59. Bxg1 {[%clk 0:01:05]} Bxg1
{[%clk 0:17:26]} 60. Kd2 {[%clk 0:00:44]} Bxd4 {[%clk 0:17:29]} 61. Ne7+
{[%clk 0:00:32]} Ke5 {[%clk 0:17:08]} 62. Kc2 {[%clk 0:00:32]} Bb6
{[%clk 0:16:33]} 63. Kc3 {[%clk 0:00:31]} Nd8 {[%clk 0:14:08]} 64. Kb3
{[%clk 0:00:32]} Ke6 {[%clk 0:13:40]} 65. Ng6 {[%clk 0:00:57]} Be3
{[%clk 0:13:16]} 66. a4 {[%clk 0:00:37]} Nc6 {[%clk 0:13:25]} 67. f4
{[%clk 0:00:32]} Bd2 {[%clk 0:12:17]} 68. axb5 {[%clk 0:00:33]} axb5
{[%clk 0:12:45]} 69. Nh4 {[%clk 0:00:31]} Nd4+ {[%clk 0:12:53]} 70. Ka3
{[%clk 0:00:33]} Bxf4 {[%clk 0:13:06]} 71. Kb2 {[%clk 0:00:35]} Bd2
{[%clk 0:12:56]} 72. Ka3 {[%clk 0:00:48]} Kf6 {[%clk 0:12:58]} 0-1

[Event "H. C. Andersen Mindgames"]
[Site "?"]
[Date "2012.05.18"]
[Round "4.3"]
[White "Maksimenko, 2554, GM Andrei"]
[Black "Haub, 2476, IM Thorsten Michael"]
[Result "1-0"]
[LiveChessVersion "1.3.1"]
[BlackElo "2476"]
[WhiteElo "2554"]

1. Nf3 {[%clk 1:30:36]} g6 {[%clk 1:30:48]} 2. g3 {[%clk 1:30:45]} Bg7
{[%clk 1:31:08]} 3. d4 {[%clk 1:30:38]} f5 {[%clk 1:31:28]} 4. Bg2
{[%clk 1:31:04]} Nf6 {[%clk 1:31:54]} 5. O-O {[%clk 1:31:26]} O-O
{[%clk 1:32:19]} 6. c4 {[%clk 1:31:36]} c6 {[%clk 1:32:37]} 7. Nc3
{[%clk 1:32:01]} d6 {[%clk 1:33:02]} 8. Qc2 {[%clk 1:32:11]} Na6 {[%clk 1:32:31]}
9. a3 {[%clk 1:31:37]} Nh5 {[%clk 1:31:43]} 10. b4 {[%clk 1:24:36]} e5
{[%clk 1:29:11]} 11. dxe5 {[%clk 1:17:14]} dxe5 {[%clk 1:29:05]} 12. e4
{[%clk 1:17:28]} f4 {[%clk 1:28:29]} 13. Bb2 {[%clk 1:17:04]} g5 {[%clk 1:17:17]}
14. Rfd1 {[%clk 0:55:12]} Qe7 {[%clk 1:14:11]} 15. Na4 {[%clk 0:48:12]} Bf6
{[%clk 1:04:35]} 16. c5 {[%clk 0:30:31]} Nc7 {[%clk 0:53:10]} 17. Rd6
{[%clk 0:30:06]} Bg7 {[%clk 0:47:47]} 18. Rad1 {[%clk 0:20:37]} Nb5
{[%clk 0:46:37]} 19. Qd3 {[%clk 0:09:21]} Kh8 {[%clk 0:39:14]} 20. Nc3
{[%clk 0:03:27]} Nc7 {[%clk 0:35:34]} 21. Nd2 {[%clk 0:02:48]} fxg3
{[%clk 0:34:43]} 22. fxg3 {[%clk 0:02:50]} Bg4 {[%clk 0:33:59]} 23. Bf3
{[%clk 0:02:34]} Bxf3 24. Nxf3 g4 {[%clk 0:32:10]} 25. Nh4 {[%clk 0:02:22]} Nf4
{[%clk 0:32:16]} 26. gxf4 {[%clk 0:02:08]} Qxh4 {[%clk 0:32:38]} 27. f5
{[%clk 0:02:10]} Ne8 {[%clk 0:32:34]} 28. Rd7 {[%clk 0:02:24]} Nf6
{[%clk 0:32:54]} 29. Rxb7 {[%clk 0:02:44]} Nh5 {[%clk 0:32:07]} 30. Rxg7
{[%clk 0:01:16]} Nxg7 {[%clk 0:29:54]} 31. Rf1 {[%clk 0:01:22]} Rad8
{[%clk 0:29:33]} 32. Qe3 {[%clk 0:01:51]} Qh3 {[%clk 0:29:18]} 33. Nd1
{[%clk 0:01:20]} Kg8 {[%clk 0:27:08]} 34. Bxe5 {[%clk 0:01:31]} Rfe8
{[%clk 0:27:21]} 35. Qg5 {[%clk 0:00:55]} Rd7 {[%clk 0:27:20]} 36. Nf2
{[%clk 0:00:46]} Qh5 {[%clk 0:25:47]} 37. Qxh5 {[%clk 0:01:15]} Nxh5 38. Nxg4 h6
{[%clk 0:25:41]} 39. Nxh6+ {[%clk 0:00:55]} Kh7 {[%clk 0:25:55]} 40. Ng4
{[%clk 0:01:23]} Rd3 {[%clk 0:26:16]} 41. f6 {[%clk 0:01:34]} Rg8
{[%clk 0:24:41]} 42. f7 {[%clk 0:01:54]} Rxg4+ {[%clk 0:25:05]} 43. Kh1
{[%clk 0:02:08]} Rd8 {[%clk 0:25:06]} 44. f8=Q {[%clk 0:02:28]} Rxf8
{[%clk 0:25:32]} 45. Rxf8 {[%clk 0:02:56]} Rxe4 {[%clk 0:25:55]} 46. Bd6
{[%clk 0:03:16]} a5 {[%clk 0:25:50]} 47. b5 {[%clk 0:03:11]} 1-0

[Event "H. C. Andersen Mindgames"]
[Site "?"]
[Date "2012.05.18"]
[Round "4.4"]
[White "Aagaard, 2505, GM Jacob"]
[Black "Hansen, 2302, FM Mads"]
[Result "0-1"]
[LiveChessVersion "1.3.1"]
[BlackElo "2302"]
[WhiteElo "2505"]

1. d4 {[%clk 1:27:54]} d5 {[%clk 1:30:32]} 2. c4 {[%clk 1:28:19]} dxc4
{[%clk 1:30:42]} 3. e4 {[%clk 1:28:42]} e5 {[%clk 1:30:40]} 4. Nf3
{[%clk 1:29:06]} exd4 {[%clk 1:30:57]} 5. Bxc4 {[%clk 1:29:29]} Nc6
{[%clk 1:31:16]} 6. O-O {[%clk 1:29:51]} Be6 {[%clk 1:31:34]} 7. Bb5
{[%clk 1:30:15]} Bc5 {[%clk 1:31:22]} 8. b4 {[%clk 1:30:38]} Bb6 {[%clk 1:31:23]}
9. a4 {[%clk 1:31:01]} a6 {[%clk 1:28:03]} 10. Bxc6+ {[%clk 1:30:51]} bxc6
{[%clk 1:28:31]} 11. a5 {[%clk 1:31:14]} Ba7 {[%clk 1:28:58]} 12. Bb2
{[%clk 1:31:38]} Qd6 {[%clk 1:24:02]} 13. Qd2 {[%clk 1:24:50]} Rd8
{[%clk 1:13:12]} 14. Qg5 {[%clk 1:20:17]} Ne7 {[%clk 0:59:06]} 15. Nbd2
{[%clk 0:50:50]} Ng6 {[%clk 0:54:16]} 16. e5 {[%clk 0:43:42]} Qd5
{[%clk 0:48:57]} 17. Rfe1 {[%clk 0:43:45]} c5 {[%clk 0:48:35]} 18. Re4
{[%clk 0:33:46]} h6 {[%clk 0:45:48]} 19. Qh5 {[%clk 0:32:32]} cxb4
{[%clk 0:43:49]} 20. Bxd4 {[%clk 0:28:15]} Bxd4 {[%clk 0:41:10]} 21. Rxd4
{[%clk 0:25:59]} Qb7 {[%clk 0:41:06]} 22. Rxd8+ {[%clk 0:19:24]} Kxd8
{[%clk 0:41:35]} 23. Nd4 {[%clk 0:19:46]} Re8 {[%clk 0:36:42]} 24. Qd1
{[%clk 0:12:26]} Qd5 {[%clk 0:33:42]} 25. N2b3 {[%clk 0:11:57]} Bd7
{[%clk 0:21:59]} 26. Rc1 {[%clk 0:09:42]} Rxe5 {[%clk 0:21:25]} 27. Rc5
{[%clk 0:09:17]} Qd6 {[%clk 0:21:21]} 0-1

[Event "H. C. Andersen Mindgames"]
[Site "?"]
[Date "2012.05.18"]
[Round "4.5"]
[White "Fries-Nielsen, 2326, Niels Jorgen"]
[Black "Bromann, 2411, IM Thorbjorn"]
[Result "1/2-1/2"]
[LiveChessVersion "1.3.1"]
[BlackElo "2411"]
[WhiteElo "2326"]

1. d3 {[%clk 1:30:30]} g6 {[%clk 1:27:27]} 2. g3 {[%clk 1:30:13]} Bg7
{[%clk 1:27:43]} 3. Bg2 {[%clk 1:30:41]} d5 {[%clk 1:27:28]} 4. Nf3
{[%clk 1:30:58]} e5 {[%clk 1:27:07]} 5. O-O {[%clk 1:30:54]} Ne7 {[%clk 1:27:21]}
6. e4 {[%clk 1:28:56]} O-O {[%clk 1:24:35]} 7. Nbd2 {[%clk 1:23:15]} dxe4
{[%clk 1:22:27]} 8. dxe4 {[%clk 1:21:13]} Nbc6 {[%clk 1:22:17]} 9. c3
{[%clk 1:20:05]} h6 {[%clk 1:20:45]} 10. Qe2 {[%clk 1:03:03]} Be6 1/2-1/2

[Event "H. C. Andersen Mindgames"]
[Site "?"]
[Date "2012.05.18"]
[Round "4.6"]
[White "Christensen, 2251, Bo Garner"]
[Black "Hagen, 2445, IM Andreas Skytte"]
[Result "0-1"]
[LiveChessVersion "1.3.1"]
[BlackElo "2445"]
[WhiteElo "2251"]

1. d4 {[%clk 1:28:27]} d5 {[%clk 1:30:40]} 2. Nf3 {[%clk 1:28:36]} Nf6
{[%clk 1:31:04]} 3. Bf4 {[%clk 1:28:57]} c5 {[%clk 1:31:23]} 4. e3
{[%clk 1:29:20]} Nc6 {[%clk 1:31:22]} 5. h3 {[%clk 1:29:17]} Qb6 {[%clk 1:26:08]}
6. Nc3 {[%clk 1:27:39]} a6 {[%clk 1:26:15]} 7. Na4 {[%clk 1:25:22]} Qa5+
{[%clk 1:26:05]} 8. c3 {[%clk 1:25:41]} c4 {[%clk 1:20:03]} 9. b4
{[%clk 1:19:37]} Qd8 {[%clk 1:07:48]} 10. g4 {[%clk 1:16:59]} e6 {[%clk 1:03:54]}
11. Bg2 {[%clk 1:15:08]} Be7 {[%clk 1:00:33]} 12. Rb1 {[%clk 1:11:55]} h5
{[%clk 0:55:25]} 13. Ne5 {[%clk 1:05:33]} hxg4 {[%clk 0:49:56]} 14. hxg4
{[%clk 1:04:18]} Rxh1+ {[%clk 0:50:22]} 15. Bxh1 {[%clk 1:04:41]} Nd7
{[%clk 0:49:02]} 16. Nxc6 {[%clk 1:00:30]} bxc6 {[%clk 0:49:27]} 17. Qc2
{[%clk 1:00:40]} Bg5 {[%clk 0:44:35]} 18. Qh7 {[%clk 0:51:07]} Bxf4
{[%clk 0:43:33]} 19. exf4 {[%clk 0:51:02]} Qf6 {[%clk 0:42:12]} 20. g5
{[%clk 0:50:30]} Qxf4 {[%clk 0:34:08]} 21. Qxg7 {[%clk 0:49:31]} Nf8
{[%clk 0:29:07]} 22. Ke2 {[%clk 0:47:28]} Bd7 {[%clk 0:24:37]} 23. Nc5
{[%clk 0:45:13]} O-O-O {[%clk 0:22:33]} 24. Bf3 {[%clk 0:42:10]} e5
{[%clk 0:19:39]} 25. Qf6 {[%clk 0:37:11]} Qxf6 {[%clk 0:17:38]} 26. gxf6
{[%clk 0:37:33]} exd4 {[%clk 0:16:46]} 27. cxd4 {[%clk 0:37:57]} Ne6
{[%clk 0:16:23]} 28. Nxe6 {[%clk 0:34:43]} Re8 {[%clk 0:16:44]} 29. Bg4
{[%clk 0:34:36]} Bxe6 {[%clk 0:17:06]} 30. Bxe6+ {[%clk 0:23:29]} Rxe6+
{[%clk 0:17:31]} 31. Kf1 {[%clk 0:22:46]} Rxf6 {[%clk 0:17:45]} 32. a4
{[%clk 0:21:56]} Rf3 {[%clk 0:17:42]} 33. b5 {[%clk 0:22:10]} axb5
{[%clk 0:17:55]} 34. axb5 {[%clk 0:22:35]} Rb3 {[%clk 0:18:12]} 0-1

[Event "H. C. Andersen Mindgames"]
[Site "?"]
[Date "2012.05.18"]
[Round "4.8"]
[White "Skytte, 2394, IM Rasmus"]
[Black "Pedersen, 2112, Henrik Bolding"]
[Result "1-0"]
[LiveChessVersion "1.3.1"]
[BlackElo "2112"]
[WhiteElo "2394"]

1. e4 {[%clk 1:28:26]} c6 {[%clk 1:30:47]} 2. d4 {[%clk 1:28:45]} d5
{[%clk 1:31:10]} 3. f3 {[%clk 1:29:08]} g6 {[%clk 1:26:34]} 4. Nc3
{[%clk 1:28:17]} Bg7 {[%clk 1:26:42]} 5. Be3 {[%clk 1:28:29]} Qa5
{[%clk 1:22:26]} 6. Qd2 {[%clk 1:27:22]} Nf6 {[%clk 1:17:51]} 7. e5
{[%clk 1:26:45]} Ng8 {[%clk 1:16:04]} 8. f4 {[%clk 1:22:10]} h5 {[%clk 1:14:13]}
9. h3 {[%clk 1:20:46]} Nh6 {[%clk 1:11:22]} 10. Nf3 {[%clk 1:20:32]} Nd7
{[%clk 1:02:20]} 11. Be2 {[%clk 1:19:07]} e6 {[%clk 0:57:30]} 12. a3
{[%clk 1:13:47]} Nf5 {[%clk 0:54:35]} 13. Bf2 {[%clk 1:13:58]} Bf8
{[%clk 0:48:43]} 14. O-O {[%clk 1:10:33]} Be7 {[%clk 0:44:14]} 15. g3
{[%clk 1:05:34]} Qc7 {[%clk 0:41:09]} 16. Nd1 {[%clk 1:01:41]} c5
{[%clk 0:32:34]} 17. c3 {[%clk 1:01:51]} Nb6 {[%clk 0:27:42]} 18. Kg2
{[%clk 0:54:37]} Bd7 {[%clk 0:27:12]} 19. g4 {[%clk 0:52:17]} Ng7
{[%clk 0:25:46]} 20. Ng5 {[%clk 0:49:02]} c4 {[%clk 0:23:14]} 21. Bg3
{[%clk 0:47:00]} Bxg5 {[%clk 0:20:39]} 22. fxg5 {[%clk 0:47:01]} Bc6
{[%clk 0:14:04]} 23. Qf4 {[%clk 0:43:55]} hxg4 {[%clk 0:10:20]} 24. hxg4
{[%clk 0:43:40]} Qe7 {[%clk 0:10:30]} 25. Ne3 {[%clk 0:42:41]} Nd7
{[%clk 0:09:41]} 26. Rf2 {[%clk 0:41:39]} Rf8 {[%clk 0:03:06]} 27. Rh1
{[%clk 0:40:55]} O-O-O {[%clk 0:01:50]} 28. Rh7 {[%clk 0:40:47]} Ne8
{[%clk 0:01:13]} 29. Rxf7 {[%clk 0:37:04]} Rxf7 {[%clk 0:01:40]} 30. Qxf7
{[%clk 0:37:25]} Qxg5 {[%clk 0:01:35]} 31. Bf4 {[%clk 0:36:17]} Qh4
{[%clk 0:02:01]} 32. Rf1 {[%clk 0:29:35]} Qh8 {[%clk 0:00:41]} 33. Qxg6
{[%clk 0:23:49]} Nc7 {[%clk 0:00:51]} 34. Rh1 {[%clk 0:23:55]} Qf8
{[%clk 0:00:31]} 35. Kg3 {[%clk 0:23:24]} Re8 {[%clk 0:00:33]} 36. Rh7
{[%clk 0:22:15]} Nb6 {[%clk 0:00:39]} 37. g5 {[%clk 0:17:02]} Na4
{[%clk 0:01:08]} 38. Nd1 {[%clk 0:17:20]} a5 {[%clk 0:00:34]} 39. Qf6
{[%clk 0:15:17]} Qg8 {[%clk 0:00:38]} 40. g6 {[%clk 0:15:27]} Rf8
{[%clk 0:00:35]} 41. Rg7 {[%clk 0:14:12]} Qh8 {[%clk 0:00:45]} 42. Rf7
{[%clk 0:14:17]} 1-0

[Event "H. C. Andersen Mindgames"]
[Site "?"]
[Date "2012.05.18"]
[Round "4.9"]
[White "Nielsen, 2163, John Bauneborg"]
[Black "Fries-Nielsen, 2363, IM Jens Ove"]
[Result "0-1"]
[LiveChessVersion "1.3.1"]
[BlackElo "2363"]
[WhiteElo "2163"]

1. d4 {[%clk 1:30:25]} g6 {[%clk 1:29:39]} 2. c4 {[%clk 1:30:25]} Bg7
{[%clk 1:29:49]} 3. Nc3 {[%clk 1:30:50]} Nc6 {[%clk 1:29:04]} 4. Nf3
{[%clk 1:30:20]} d6 {[%clk 1:28:23]} 5. d5 {[%clk 1:26:01]} Nb8 {[%clk 1:25:24]}
6. Bd2 {[%clk 1:17:51]} e5 {[%clk 1:16:50]} 7. dxe6 {[%clk 1:08:33]} fxe6
{[%clk 1:14:27]} 8. g3 {[%clk 1:08:11]} Nf6 {[%clk 1:13:58]} 9. Bg2
{[%clk 1:08:24]} Nc6 {[%clk 1:14:19]} 10. O-O {[%clk 1:08:22]} O-O
{[%clk 1:14:46]} 11. a3 {[%clk 1:04:33]} a5 {[%clk 1:13:04]} 12. Qc2
{[%clk 0:59:51]} Bd7 {[%clk 1:10:07]} 13. Nb5 {[%clk 0:51:32]} a4
{[%clk 1:07:27]} 14. Rad1 {[%clk 0:47:20]} Ne7 {[%clk 1:05:53]} 15. Ng5
{[%clk 0:45:55]} h6 {[%clk 1:04:04]} 16. Ne4 {[%clk 0:43:47]} Ne8
{[%clk 1:04:27]} 17. Bc3 {[%clk 0:38:05]} e5 {[%clk 1:04:21]} 18. Rd2
{[%clk 0:20:21]} Nf5 {[%clk 1:01:09]} 19. Rfd1 {[%clk 0:20:00]} Qe7
{[%clk 0:58:09]} 20. Bb4 {[%clk 0:18:00]} Be6 {[%clk 0:50:59]} 21. c5
{[%clk 0:15:13]} Bb3 {[%clk 0:50:06]} 22. Qc1 {[%clk 0:12:15]} Qf7
{[%clk 0:46:04]} 23. cxd6 {[%clk 0:09:48]} cxd6 {[%clk 0:40:48]} 24. Rf1
{[%clk 0:03:10]} d5 {[%clk 0:37:10]} 25. Nec3 {[%clk 0:02:02]} e4
{[%clk 0:34:13]} 26. e3 {[%clk 0:01:53]} Nf6 {[%clk 0:34:05]} 27. Bxf8
{[%clk 0:02:09]} Rxf8 {[%clk 0:34:21]} 28. Ne2 {[%clk 0:00:45]} Bc4
{[%clk 0:33:21]} 29. Ned4 {[%clk 0:01:05]} Nxd4 {[%clk 0:30:32]} 30. Nxd4
{[%clk 0:01:24]} Bxf1 {[%clk 0:26:22]} 31. Qxf1 {[%clk 0:01:30]} Ng4
{[%clk 0:24:00]} 32. Rc2 {[%clk 0:00:37]} Bxd4 {[%clk 0:20:29]} 33. exd4
{[%clk 0:01:05]} e3 {[%clk 0:20:50]} 34. fxe3 {[%clk 0:00:45]} Qxf1+
{[%clk 0:21:11]} 35. Bxf1 {[%clk 0:00:40]} Rxf1+ {[%clk 0:21:37]} 36. Kxf1
{[%clk 0:01:05]} Nxe3+ {[%clk 0:22:03]} 37. Ke2 {[%clk 0:01:25]} Nxc2
{[%clk 0:22:19]} 38. Kd3 {[%clk 0:01:36]} Na1 {[%clk 0:22:40]} 39. Kc3
{[%clk 0:01:39]} 0-1

[Event "H. C. Andersen Mindgames"]
[Site "?"]
[Date "2012.05.18"]
[Round "4.10"]
[White "Carlstedt, 2354, IM Jonathan"]
[Black "Eriksson, 2149, Christian"]
[Result "1-0"]
[LiveChessVersion "1.3.1"]
[BlackElo "2149"]
[WhiteElo "2354"]

1. c4 {[%clk 1:29:26]} c5 {[%clk 1:30:51]} 2. Nc3 {[%clk 1:29:32]} g6
{[%clk 1:31:01]} 3. e3 {[%clk 1:29:00]} Nf6 {[%clk 1:30:11]} 4. d4
{[%clk 1:29:03]} cxd4 {[%clk 1:28:58]} 5. exd4 {[%clk 1:29:26]} Bg7
{[%clk 1:22:39]} 6. Nf3 {[%clk 1:29:25]} O-O {[%clk 1:21:35]} 7. Be2
{[%clk 1:29:46]} d5 {[%clk 1:20:29]} 8. O-O {[%clk 1:30:07]} Nc6 {[%clk 1:15:53]}
9. h3 {[%clk 1:29:21]} dxc4 {[%clk 1:11:18]} 10. Bxc4 {[%clk 1:29:41]} Na5
{[%clk 1:10:41]} 11. Bd3 {[%clk 1:30:02]} Be6 {[%clk 1:06:55]} 12. Re1
{[%clk 1:29:36]} Nd5 {[%clk 1:04:40]} 13. Bg5 {[%clk 1:15:28]} Re8
{[%clk 0:55:38]} 14. Bb5 {[%clk 1:11:49]} Nxc3 {[%clk 0:50:40]} 15. bxc3
{[%clk 1:11:52]} Bd7 {[%clk 0:50:06]} 16. Qa4 {[%clk 1:09:57]} Bxb5
{[%clk 0:40:38]} 17. Qxb5 {[%clk 1:10:19]} Rc8 {[%clk 0:39:01]} 18. Rxe7
{[%clk 1:10:07]} Rxe7 {[%clk 0:36:58]} 19. Bxe7 {[%clk 1:10:24]} Qxe7
{[%clk 0:35:46]} 20. Qxa5 {[%clk 1:09:38]} b6 {[%clk 0:35:54]} 21. Qd5
{[%clk 1:02:32]} Qc7 {[%clk 0:32:07]} 22. Rc1 {[%clk 1:01:14]} Rd8
{[%clk 0:31:05]} 23. Qe4 {[%clk 0:58:56]} Qc4 {[%clk 0:29:55]} 24. Rc2
{[%clk 0:57:49]} a5 {[%clk 0:26:21]} 25. Qe2 {[%clk 0:56:14]} Qa4
{[%clk 0:23:19]} 26. Rb2 {[%clk 0:55:23]} Re8 {[%clk 0:21:39]} 27. Qd3
{[%clk 0:50:52]} Qa3 {[%clk 0:20:21]} 28. Rc2 {[%clk 0:48:14]} Rc8
{[%clk 0:19:43]} 29. Nd2 {[%clk 0:47:33]} Re8 {[%clk 0:16:27]} 30. Nf3
{[%clk 0:40:49]} Rc8 {[%clk 0:16:13]} 31. g3 {[%clk 0:37:11]} Qd6
{[%clk 0:10:40]} 32. c4 {[%clk 0:35:06]} Rd8 {[%clk 0:10:02]} 33. Re2
{[%clk 0:34:15]} h6 {[%clk 0:09:14]} 34. Kg2 {[%clk 0:34:13]} Kh7
{[%clk 0:09:13]} 35. Qe4 {[%clk 0:32:29]} Bf6 {[%clk 0:09:00]} 36. Rc2
{[%clk 0:30:55]} Rc8 {[%clk 0:08:43]} 37. h4 {[%clk 0:28:00]} h5 {[%clk 0:08:03]}
38. Qe3 {[%clk 0:28:01]} Kg7 {[%clk 0:07:47]} 39. Qb3 {[%clk 0:26:28]} Qc6
{[%clk 0:06:45]} 40. d5 {[%clk 0:26:14]} Qc5 {[%clk 0:06:38]} 41. a4
{[%clk 0:26:19]} Qb4 {[%clk 0:05:37]} 42. Nd2 {[%clk 0:24:48]} Bd4
{[%clk 0:04:55]} 43. Qd3 {[%clk 0:23:52]} Bf6 {[%clk 0:03:53]} 44. Ne4
{[%clk 0:24:03]} Ba1 {[%clk 0:02:48]} 45. d6 {[%clk 0:17:32]} Qxa4
{[%clk 0:03:05]} 46. c5 {[%clk 0:17:25]} bxc5 {[%clk 0:02:50]} 47. Nxc5
{[%clk 0:16:38]} Qc6+ {[%clk 0:02:52]} 48. Kh2 {[%clk 0:16:58]} Kg8
{[%clk 0:02:58]} 49. d7 {[%clk 0:14:13]} Rd8 {[%clk 0:03:26]} 50. Nb3
{[%clk 0:14:16]} Qa4 {[%clk 0:03:22]} 51. Rc8 {[%clk 0:11:03]} Bf6
{[%clk 0:03:09]} 52. Nc5 {[%clk 0:11:21]} Qb4 {[%clk 0:02:55]} 53. Qd5
{[%clk 0:10:05]} Qb6 {[%clk 0:02:32]} 54. Kg2 {[%clk 0:10:08]} Qb5
{[%clk 0:02:33]} 55. Qa8 {[%clk 0:07:13]} Kg7 {[%clk 0:02:19]} 56. Rxd8
{[%clk 0:06:51]} Bxd8 {[%clk 0:02:33]} 57. Qxd8 {[%clk 0:07:14]} Qc6+
{[%clk 0:02:39]} 58. Kg1 {[%clk 0:07:28]} Qxc5 {[%clk 0:02:49]} 59. Qa8
{[%clk 0:07:43]} 1-0

[Event "H. C. Andersen Mindgames"]
[Site "?"]
[Date "2012.05.18"]
[Round "4.11"]
[White "Christiansen, 2151, Jens Jorgen"]
[Black "Jacobsen, 2337, Bo"]
[Result "0-1"]
[LiveChessVersion "1.3.1"]
[BlackElo "2337"]
[WhiteElo "2151"]

1. d4 {[%clk 1:30:58]} Nf6 {[%clk 1:30:41]} 2. c3 {[%clk 1:31:19]} c5
{[%clk 1:28:32]} 3. Nf3 {[%clk 1:30:05]} e6 {[%clk 1:26:25]} 4. a3
{[%clk 1:28:50]} b6 {[%clk 1:24:50]} 5. Bg5 {[%clk 1:27:57]} Be7 {[%clk 1:25:08]}
6. Nbd2 {[%clk 1:28:06]} Bb7 {[%clk 1:24:19]} 7. e3 {[%clk 1:28:08]} O-O
{[%clk 1:23:06]} 8. Bd3 {[%clk 1:27:24]} d6 {[%clk 1:22:30]} 9. O-O
{[%clk 1:26:25]} Nbd7 {[%clk 1:22:58]} 10. Re1 {[%clk 1:14:39]} h6
{[%clk 1:18:53]} 11. Bxf6 {[%clk 1:14:09]} Nxf6 {[%clk 1:18:44]} 12. e4
{[%clk 1:14:17]} a6 {[%clk 1:16:53]} 13. c4 {[%clk 1:07:30]} Nd7 {[%clk 1:08:30]}
14. d5 {[%clk 0:57:28]} Bf6 {[%clk 1:02:47]} 15. Rb1 {[%clk 0:57:12]} Re8
{[%clk 1:01:21]} 16. Bf1 {[%clk 0:48:39]} Qc7 {[%clk 0:59:44]} 17. Qc2
{[%clk 0:48:18]} Rab8 {[%clk 0:57:25]} 18. b3 {[%clk 0:46:26]} g6
{[%clk 0:54:42]} 19. h4 {[%clk 0:43:25]} Bg7 {[%clk 0:53:27]} 20. g3
{[%clk 0:38:26]} Nf6 {[%clk 0:53:34]} 21. Bg2 {[%clk 0:36:18]} b5
{[%clk 0:49:32]} 22. Qd3 {[%clk 0:32:06]} exd5 {[%clk 0:44:38]} 23. exd5
{[%clk 0:31:25]} Bc8 {[%clk 0:42:04]} 24. Rxe8+ {[%clk 0:31:19]} Nxe8
{[%clk 0:42:33]} 25. Ne1 {[%clk 0:23:45]} Nf6 {[%clk 0:35:49]} 26. Ne4
{[%clk 0:18:40]} Ng4 {[%clk 0:36:01]} 27. cxb5 {[%clk 0:16:33]} axb5
{[%clk 0:35:40]} 28. Qd2 {[%clk 0:16:32]} Bf5 {[%clk 0:35:16]} 29. Nc2
{[%clk 0:13:39]} Re8 {[%clk 0:25:15]} 30. Re1 {[%clk 0:13:08]} Qd8
{[%clk 0:24:34]} 31. b4 {[%clk 0:07:30]} c4 {[%clk 0:23:08]} 32. Nd4
{[%clk 0:06:47]} Qb6 {[%clk 0:23:33]} 33. Nc6 {[%clk 0:05:14]} c3
{[%clk 0:16:20]} 34. Qc2 {[%clk 0:04:26]} Kf8 {[%clk 0:12:41]} 35. Bf3
{[%clk 0:04:11]} Nxf2 {[%clk 0:08:19]} 36. Qxf2 {[%clk 0:04:02]} Qxf2+
{[%clk 0:08:44]} 37. Kxf2 {[%clk 0:04:27]} c2 {[%clk 0:09:11]} 38. Rc1
{[%clk 0:03:36]} Rxe4 {[%clk 0:08:45]} 39. Rxc2 {[%clk 0:03:18]} Rxh4
{[%clk 0:08:53]} 40. Re2 {[%clk 0:02:55]} Rc4 {[%clk 0:08:20]} 41. Kg2
{[%clk 0:01:57]} h5 {[%clk 0:07:03]} 42. Na5 {[%clk 0:01:25]} Rc3
{[%clk 0:07:17]} 43. Nb7 {[%clk 0:01:11]} Be5 {[%clk 0:07:18]} 44. Ra2
{[%clk 0:00:56]} g5 {[%clk 0:07:05]} 0-1